000 01241nam0a2200337 i 4500
001 RU\NLR\BIBL_A\010848809
005 20241115065855.0
010 _a9785844503153
_91000
021 _aRU
_b2015-62967
_93748
035 _a(NILC)RuMoRGB-008000264
035 _a(NLR Aleph) 010848809
090 _a10366231
_c10366231
100 _a20150929d2015 um y0rusy50 ca
101 1 _arus
_ceng
102 _aRU
105 _ay|||z|||000yy
200 1 _aПреобразуя свою церковь
_eсемь стратегических изменений для того, чтобы помочь вам успешно двигаться в XXI веке
_fМарк Коннер
_g[пер. с англ.: Е.О. Комиссарова]
210 _aСанкт-Петербург
_cБиблейский взгляд
_d2015
215 _a236 с.
_d21
606 _aЕвангелизация
_92082319
_3RU\NLR\AUTH\661258340
610 0 _aCity Life Church
610 0 _aпятидесятники
610 0 _aPentecostal
686 1 _aЭ376,0
700 1 _aКоннер
_bМ.
_gМарк
801 0 _aRU
_bРГБ
_c20150819
_gRCR
942 _cBOOK
980 _aNBR